Quizzes
Events
Quiz Creation
Community
Videos
Private Events
Remove Ads
Sign In
Join for FREE
Feedback
Dark Mode
Quiz Categories
Sports
Geography
Music
Movies
Television
Just For Fun
Miscellaneous
History
Literature
Language
Science
Gaming
Entertainment
Religion
Holiday
For Kids
Quiz Lab
Recent
Popular Today
Quiz Kudos Today
Editor Picks
Curator Picks
Quizzes by...
Day
Popularity
Type
Ratings
Length
Year
Community
Subscriptions
Recent Discussions
Orange Saloon
Badges
Playlists
Quests
Create
Leaderboards
Showdown
Live 5
Trivia Bingo
Activity
Puzzle Library
Sporcle Events
Private Events
Virtual Trivia
Globe League
Become a Host
Pub Owners
SporcleCon
Opinionation
Our Games
Videos
Blog
Mobile Apps
Partnerships
Remove Ads and Go Orange
Feedback
Language
Vocabulary
Begins and Ends
Definition
Spanish
French
German
Italian
Chinese
Latin
Translation
Japanese
Language
Vocabulary
Begins and Ends
Definition
Spanish
French
German
Italian
Chinese
Latin
Translation
Japanese
Random Quiz
Search Sporcle
×
Quiz Lab
Quiz Lab
Language
French
Select answers by clicking on text or image buttons
Select answers by clicking on text or image buttons
Clickable
Best Score? Go Orange.
Verbs which take être in the perfect tense - MATCHABLE Stats
Can you match the Être verbs - MATCHABLE?
By
SJCSfrench
5m
14 Questions
1,017 Plays
1,017 Plays
1,017 Plays
Comments
Comments
Give Quiz Kudos
Give Quiz Kudos
-
- Ratings
hide this ad
More Info
Minefield
Wrong answers will end the quiz
Wrong answers will end the quiz
Random Order
Randomize order of answers
Randomize order of answers
Replay
Link that replays current quiz
Next Quiz
Link to next quiz in quiz playlist
You Got
0%
They Got
Avg Score
48%
Avg Friend Score
Upgrade to see
Score Distribution
Jump to the score distribution portion of the page
Score
0/14
Timer
05:00
0
Plays Today
% Correct
???
63.5%
???
62.1%
???
59.6%
???
58%
???
55%
???
51.6%
???
50.7%
% Correct
???
49.3%
???
43.1%
???
40.5%
???
40.4%
???
39.8%
???
36%
???
34.1%
Quiz Playlist
Details
Report
Send in Message
Add To Playlist
More Info:
Match the French verb on the left with the English verb on the right.
Clickable:
Select answers by clicking on text or image buttons
Minefield:
Wrong answers will end the quiz
Random Order:
Randomize order of answers
Last Updated: Feb 16, 2017
Quiz Scoreboard
CHALLENGE
Sign Up to Join the Scoreboard
Show All
Scores
Hide
Comments
May contain spoilers
Recently Published
NBA Finals Game Top Scorers (2010s)
by flibbidy
Sports
5m
Guess the 'R' Things in 3 Words
by MSUKent
Miscellaneous
3m
Actor to Badly Drawn Movie III
by MoMosMoProblems
Movies
5m
More to Explore
Quiz From the Vault
Featured Blog Post
Where Does Lost Luggage Go?
hide this ad
You Might Also Like...
Tags
French Quiz
Être
past
Perfect
Verbs
Today's Top Quizzes in Language
Browse Language
hide this ad
Today's Top Quizzes in French
Browse French
Top Contributed Quizzes in Language
1
Einsilbige Reime auf Chips
2
Linguistic Evolution! (V)
3
Trivia Jigsaw: Language
4
Guess the Word in 3 Words
5
One-Minute Crossword CCLVI
6
Here... Let me make up a word for that
7
1960s Slang
8
AP Lang. Literary Terms
9
One-Minute Crossword CCLV
10
Hiragana Speed Reading
Explore More
Trending Topics
Harry Potter
Kpop
NBA
Disney
Marvel
Crossword
Anime
Song
Pokémon
Soccer
Country
Puzzle
The Office
NFL
WWE
hide this ad
More By:
SJCSfrench
Quiz
Plays
Rating
Category
Featured
Created
Ce, Cet, Cette, Ces (Demonstrative Pronouns)
15,730
4.13
Language
Oct 4, 2013
Idiomatic expressions using 'avoir' - MINEFIELD
5,864
4.53
Language
Apr 24, 2013
Verbs which take être in the perfect tense - MATCHABLE
1,017
Language
Jan 9, 2013
5T French Verbs - Mich 1 (2013)
474
5.00
Language
Sep 11, 2013
Verbs which take ÊTRE
391
4.67
Language
Jan 9, 2013
Go to Creator's Profile
Score Distribution
Quiz Creator Spotlight
SJCSfrench
Follow
Send a Message
Quizzes Created
-
Created Quiz Play Count
-
More By This Creator
Popular Quizzes Today
1
Find the US States - No Outlines Minefield
2
Find the US States
3
The Countries of the World
4
10 Largest US States in Order
5
Find the Countries of Europe - No Outlines Minefield
6
US States
7
Guess the 'R' Things in 3 Words
8
NBA Finals Game Top Scorers (2010s)
More Language Quizzes
2 Words, Same 6 Letters II
Published
Trending Quizzes
First Name TV: Leading Men
First Name TV: Leading Women Drama
Match the Book to the Film II
3-Word Movies in 1 Word II
Match the Book to the Film VI
Recently Updated
Women's Final Four Teams by Year
bhenderson79
Presidents Quartet II
eogle
Anything But Clue(do)
eogle
Anything But Oceanian Capitals
eogle
Anything But 7
eogle
Anything But Thing
eogle
Word Ladder: February 29
pecheneg
Song Title Questions
pecheneg
Women's NCAA Tournament #1 Seeds
pecheneg
Celebrity Mug Shots
pecheneg
Trending Topics
Kpop
NBA
Crossword
Marvel
Harry Potter
Disney
Anime
Song
NFL
Pokémon
Puzzle
The Office
WWE
Soccer
Country
Your Account Isn't Verified!
In order to create a playlist on Sporcle, you need to verify the email address you used during registration. Go to your
Sporcle Settings
to finish the process.
Report this User
Report this user for behavior that violates our
Community Guidelines
.
Details:
Send Report
Go to the Sporcle.com Mobile Site →
Comments